Teoretické a praktické aspekty hodnotenia marketingovej výkonnosti

Hodnotenie marketingovej výkonnosti ako integrálna súčasť komplexného hodnotenia organizácie. Komparácia hodnotenia marketingovej produktivity a marketingového auditu. Modely používané na hodnotenie marketingovej výkonnosti.

Saved in:
Bibliographic Details
Main Author: Pajtinková - Bartáková, Gabriela
Other Authors: Gubíniová, Katarína, Cibák, Ľuboš
Format: Book Chapter
Language:Slovak
Subjects:
Tags: Add Tag
No Tags, Be the first to tag this record!

MARC

LEADER 00000naa a2200000 4500
001 0181581
005 20220722104300.6
041 0 |a slo 
044 |a SK 
245 1 0 |a Teoretické a praktické aspekty hodnotenia marketingovej výkonnosti  |c Gabriela Pajtinková - Bartáková, Katarína Gubíniová, Ľuboš Cibák 
520 |a Hodnotenie marketingovej výkonnosti ako integrálna súčasť komplexného hodnotenia organizácie. Komparácia hodnotenia marketingovej produktivity a marketingového auditu. Modely používané na hodnotenie marketingovej výkonnosti. 
610 2 0 |a výkonnosť 
610 2 0 |a výdavky 
610 2 0 |a audit 
610 2 0 |a stratégia marketingová 
610 2 0 |a marketing manažment 
100 1 |a Pajtinková - Bartáková, Gabriela 
700 1 |a Gubíniová, Katarína 
700 1 |a Cibák, Ľuboš